000 00291nam a22001337a 4500
008 180922b xxu||||| |||| 00| 0 eng d
020 _a9780195093957
041 _aeng
080 _a371
100 _a25
101 _aEDU
245 _aLibrary Research Models
_cMann, Th
942 _2udc
_cBK
999 _c48262
_d48262